Responses for Show #5186 - Monday, March 12, 2007

Contestants

[<< previous game]

Jennifer Gotcher, a homemaker from Costa Mesa, California

Will Porter, a librarian from Newton, New Jersey

Ted Kenniston, a logistics manager from Cincinnati, Ohio (whose 2-day cash winnings total $28,600)

[next game >>]

Jeopardy! Round responses

SCIENCE
NO. 1 ALBUMS OF THE '90s
COUNTRIES ON THE DOLLAR
IT'LL BE A COLD DAY IN HELENA
APOCALYPSE SOON?
THE "N" TIMES
    $200 22
acid rain

Will
    $200 8
The Beatles

Ted
    $200 1
Canada

Ted
    $200 17
(Ted: What is 250,000?)

25,000

TedWill
    $200 13
Revelation

Will
    $200 3
news conference

Ted
    $400 23
south

Will
    $400 11
Titanic

Jennifer
    $400 2
Brunei

Jennifer
    $400 18
gold

Jennifer
    $400 14
a comet

Jennifer
    $400 4
narcissistic

Jennifer
    $600 24
ornithology

Ted
    $600 12
(Alex: Yeah, could be in the "N" TIMES category.)

Nirvana

Jennifer
    $600 9
Australia

Ted
    $3,400 19
Lewis & Clark

Jennifer
    $600 15
(Jennifer: What is nuclear winter?)
(Alex: Nuclear winter or... no. Ted?)
(Ted: What is [*]?)
(Alex: Well, yeah. [*], not nuclear winter. That deals with the aftermath.)

nuclear war (or nuclear holocaust)

TedJennifer
    $600 5
Nero

Jennifer
    $800 25
Galileo

Will
    $800 20
R.E.M.

Ted
    $800 10
Barbados

Jennifer
    $800 29
the Queen City

Ted
    $800 27
(Will: Who is Shiva?)

Vishnu

Will
Triple Stumper
    $800 6
North Carolina

Ted
    $1000 26
a facet

Jennifer
    $1000 21
The Beastie Boys

Jennifer
    $1000 16
Namibia

Ted
    $1000 30
the Continental Divide

Ted
    $1000 28
(Will: What's Fear?)

The Andromeda Strain

WillJennifer
    $1000 7
(Ted: What is novice?)

novitiate

TedWill

Scores at the first commercial break (after clue 15):

Ted Will Jennifer
$1,600 $1,200 $3,000

Scores at the end of the Jeopardy! Round:

Ted Will Jennifer
$5,600 $1,000 $9,800

Double Jeopardy! Round responses

ART & MUSIC
(Alex: Next, we want you to name the actor in...)
OSCAR-WINNING ROLES
EYEWITNESS TO HISTORY
SOUNDS LIKE A GAME
SPEAK OF THE DICKENS!
(Alex: And finally, each correct response will be two animals in...)
RHYMING ANIMAL PAIRS
    $400 15
(Paul) Klee

Jennifer
    $400 23
(Will: Who was Stewart?)

Gregory Peck

WillJennifer
    $400 4
Hurricane Katrina

Jennifer
    $400 1
the Yangtze

Jennifer
    $400 8
A Tale of Two Cities

Ted
    $400 10
eagle & beagle

Will
    $800 16
Wynton Marsalis

Ted
    $800 24
(Ben) Kingsley

Will
    $800 7
Reagan

Jennifer
    $800 2
monotony

Jennifer
    $800 9
A Christmas Carol

Will
    $800 11
hogs & frogs

Jennifer
    $1200 20
an oratorio

Ted
    $1200 25
Vivien Leigh

Jennifer
    $1200 17
1975

Ted
    $1200 3
(Jennifer: What's the quartermaster?)

the Exchequer

TedJennifer
    $1200 28
the Artful Dodger

Ted
    $2,000 12
whale & quail

Jennifer
    $1600 21
Franz Schubert

Triple Stumper
    $1600 26
(Laurence) Olivier

Ted
    $1600 18
Ernie Pyle

Ted
    $2,000 5
risqué

Jennifer
    $1600 29
The Old Curiosity Shop

Ted
    $1600 13
ox & fox

Ted
    $2000 22
Jan Vermeer

Triple Stumper
    $2000 27
(Alex: [*], in the movie Lust for Life.)

Anthony Quinn

Triple Stumper
    $2000 19
Thailand

Jennifer
    $2000 6
the Red River

Ted
    $2000 30
(Alex: And his unfinished novel was [*].)

The Mystery of Edwin Drood

Triple Stumper
    $2000 14
seal & teal

Jennifer

Scores at the end of the Double Jeopardy! Round:

Ted Will Jennifer
$20,000 $2,600 $21,800

[wagering suggestions for these scores]

Final Jeopardy! Round responses

WORD ORIGINS
WillWhat are italics?
$2,600
TedWhat are Italics
$14,799
JenniferWhat is are italics
$18,201
italics

Final scores:

Ted Will Jennifer
$34,799 $5,200 $40,001
2nd place: $2,000 3rd place: $1,000 New champion: $40,001

Game dynamics:

Coryat scores:

Ted Will Jennifer
$20,000 $2,600 $17,800
22 R,
2 W
9 R,
3 W
24 R
(including 3 DDs),
2 W

Combined Coryat: $40,400

[game clues] [game scores] [suggest correction]

Game tape date: 2006-12-12
The J! Archive is created by fans, for fans. Scraping, republication, monetization, and malicious use prohibited; this site may use cookies and collect identifying information. See terms. The Jeopardy! game show and all elements thereof, including but not limited to copyright and trademark thereto, are the property of Jeopardy Productions, Inc. and are protected under law. This website is not affiliated with, sponsored by, or operated by Jeopardy Productions, Inc. Join the discussion at JBoard.tv.